Представление документа в формате RUSMARC

ПолеНазваниеЗначение
  Тип записи a
  Библиографический уровень a
001 Контрольный номер RU/CBS_UL/BASE/d6cc68668ea044cbbe23bd27c7408c89
005 Дата корректировки 20230531103930.0
100 Данные общей обработки __
a Данные общей обработки 20230531 ||| 0rusy0189 ca
101 Язык документа 0_
a Язык текста rus
102 Страна публикации __
a Страна публикации RU
200 Заглавие и сведения об ответственности 1_
a Заглавие Следи за руками
e Сведения, относящиеся к заглавию [о форме невербальной коммуникации - жестах]
f Первые сведения об ответственности О. Ладыгина
300 Общие примечания __
a Общие примечания 16+
461 Уровень набора _0
1 2000
a Discovery (Дискавери)
463 Уровень физической единицы _0
1 2000
a № 5 (май)
v С. 6-13 : фото
1 2101
d 2023
1 001RU/CBS_UL/BASE/4320703f5ffd4cd485ff5e103b985f99
606 Тематические рубрики 0_
a Основная рубрика Социальная психология - Общение
610 Ключевые слова 0_
a Ключевые слова социальная психология
610 Ключевые слова 0_
a Ключевые слова общение
610 Ключевые слова 0_
a Ключевые слова невербальное общение
610 Ключевые слова 0_
a Ключевые слова жесты
686 Индексы других классификаций __
2 Код системы rubbk
a Классификационный индекс 88.53
700 Автор _1
a Фамилия Ладыгина
b Имя (инициалы) О.
801 Источник записи _0
a Страна RU
b Организация МБУК ЦБС г. Ульяновска
c Дата составления 20230531
g Правила каталогизации RCR
801 Источник записи _1
a Страна RU
b Организация МБУК ЦБС г. Ульяновска
c Дата составления 20230531
g Правила каталогизации RCR
901 Тип документа __
t Тип документа b
w Контрольный № источника RU/CBS_UL/BASE/4320703f5ffd4cd485ff5e103b985f99